000 01982cam a2200169 4500500
005 20260111103345.0
041 _afre
042 _adc
100 1 0 _aMarmet, Carole
_eauthor
245 0 0 _aOù est passé le bien commun ?, par François Flahault (Mille et une nuits, 2011, 252 p.). Le sacrifice inutile. Essai sur la violence politique, par Paul Dumouchel (Flammarion, 2011, 323 p.)
260 _c2012.
500 _a52
520 _aRésuméEn qualité d’éducateur, on peut être surpris par la popularité dont a bénéficié le film Scarface de Brian De Palma auprès de certains jeunes, notamment ceux habitant des espaces paupérisés. Le personnage principal « Tony Montana », joué par Al Pacino est souvent sublimé par ces derniers, jusqu’à être érigé en modèle de réussite.Ce texte a pour ambition de mettre en parallèle une fiction cinématographique et le quotidien d’un « jeune banlieusard » pris dans l’étau de la consommation de produits. Le jeune Ali habite en effet son héros avec démesure, jusqu’à en légitimer son addiction et se retrouver sur le ban(c) de la cité.
520 _aChronicle of a youngster who took himself for ScarfaceAs an educator, one can be surprised by the popularity that Brian de Palma’s film Scarface reached among certain youngsters, namely those living in poor places. The main character, « Tony Montana », played by Al Pacino, is often sublimated by them, to the point of being turned into a model of success.This text aims at drawing a parallel between a cinematographic fiction and the daily life of a « suburban youngster » trapped in the spiral of substance abuse. The young Ali lives his hero to the extreme of legitimizing his addiction and finding himself (dis)placed on the community bench.
786 0 _nLe Sociographe | 39 | 3 | 2012-09-01 | p. 130e-134e | 1297-6628
856 4 1 _uhttps://shs.cairn.info/revue-le-sociographe-2012-3-page-130e?lang=fr&redirect-ssocas=7080
999 _c1630335
_d1630335